[Event "Krakow op-B 32nd"]
[Site "Krakow"]
[Date "2021.12.28"]
[Round "2"]
[White "Kabhilan, S."]
[Black "Panek, Bartosz"]
[Result "1/2-1/2"]
[WhiteElo "1968"]
[BlackElo "2073"]
[PlyCount "82"]
[EventDate "2021.12.27"]
[EventType "swiss"]
[EventRounds "9"]
[EventCountry "POL"]
[SourceTitle "EXT 2023"]
[Source "ChessBase"]
[SourceDate "2022.10.05"]
[SourceVersion "1"]
[SourceVersionDate "2022.10.05"]
[SourceQuality "1"]

1. e4 c5 2. Nf3 e6 3. d4 cxd4 4. Nxd4 Nc6 5. Be3 Nf6 6. Bd3 d5 7. Nxc6 bxc6 8. e5 Nd7 9. f4 Nc5 10. Be2 Ba6 11. 0-0 Be7 12. Kh1 Bxe2 13. Qxe2 Ne4 14. Nd2 Nxd2 15. Bxd2 0-0 16. Rad1 Qb6 17. b3 a5 18. f5 exf5 19. Rxf5 c5 20. Rdf1 a4 21. Qf3 Qe6 22. Bg5 Bxg5 23. Rxg5 axb3 24. axb3 g6 25. Qg3 h6 26. Rh5 Kg7 27. h3 Rae8 28. Rf6 Qe7 29. Rhf5 Kh7 30. Qf4 Kg7 31. h4 Qd7 32. h5 Qxf5 33. Rxf5 gxf5 34. Qxf5 Re6 35. g4 Rfe8 36. g5 hxg5 37. Qxg5+ Kh8 38. Qf5 Kg7 39. Qg5+ Kh8 40. Qf5 Kg7 41. Qg5+ Kh8 1/2-1/2